Loading...
| Fine Arts - Classical Music and Opera | 7 | 8.57 | 57% | 29% | 0% |
| Fine Arts - Other Arts | 5 | 10.00 | 80% | 20% | 0% |
| Fine Arts - Painting and Sculpture | 3 | 6.67 | 67% | 0% | 0% |
| Geography | 2 | 0.00 | 0% | 0% | 0% |
| History - American History | 4 | 12.50 | 75% | 50% | 0% |
| History - European History | 6 | 20.00 | 83% | 83% | 33% |
| History - Other History | 8 | 16.25 | 88% | 63% | 13% |
| History - World History | 7 | 14.29 | 100% | 29% | 14% |
| Literature - American Literature | 4 | 10.00 | 50% | 50% | 0% |
| Literature - British Literature | 5 | 12.00 | 80% | 40% | 0% |
| Literature - European Literature | 4 | 17.50 | 100% | 50% | 25% |
| Literature - World Literature | 5 | 12.00 | 80% | 40% | 0% |
| Modern World | 1 | 10.00 | 100% | 0% | 0% |
| Mythology | 4 | 15.00 | 100% | 50% | 0% |
| Other Academic | 2 | 10.00 | 100% | 0% | 0% |
| Other Culture | 1 | 20.00 | 100% | 100% | 0% |
| Other Science (Astronomy) | 1 | 10.00 | 100% | 0% | 0% |
| Other Science (Computer Science) | 2 | 10.00 | 100% | 0% | 0% |
| Other Science (Math) | 3 | 20.00 | 100% | 67% | 33% |
| Other Science (Mixed/Any) | 1 | 10.00 | 100% | 0% | 0% |
| Philosophy | 5 | 22.00 | 100% | 100% | 20% |
| Religion | 9 | 10.00 | 67% | 33% | 0% |
| Science - Biology | 4 | 10.00 | 75% | 25% | 0% |
| Science - Chemistry | 5 | 10.00 | 100% | 0% | 0% |
| Science - Physics | 7 | 14.29 | 86% | 43% | 14% |
| Social Science | 6 | 16.67 | 67% | 83% | 17% |